000 00853nmm a2200277 a 4500
001 ocm0001162258
003 TR-IsHL
005 20201028154018.0
008 150709s2014 tu tur
007 cr cn
020 _a9789758915125
035 _a1162258
_b(N$T)
050 0 4 _aDC17
_b.D46 2014
090 0 4 _aDC17
_b.D46 2014
100 1 _aDemirdurak, Bülent
245 1 0 _aParis: mon amour
_h[electronic resource] /
_cBülent Demirdurak
250 _a2.bs.
260 _aİstanbul :
_bGiTa Yayınları,
_c2014
300 _a161 p.
650 4 _aTarih
650 4 _aHistory
650 0 _aParis (Fransa)
_xGezi ve tanıtım
650 0 _aParis (France) - Description and travel
650 7 _aHISTORY / Europe / France
_2bisacsh
856 4 0 _uhttp://search.ebscohost.com/login.aspx?direct=true&scope=site&db=e011xww&AN=1162258
999 _c12350
_d12350